[Event "Aachener SV 1 - SV Castrop-Rauxel 1"]
[Site "Oberliga NRW 2010/2011"]
[Date "2011.01.30"]
[Round "6.5"]
[White "Fischer, Thomas"]
[Black "Klein, Felix"]
[Result "1/2-1/2"]
[WhiteElo "2120"]
[BlackElo "2263"]
[PlyCount "50"]
[EventDate "2011.??.??"]

1. Nf3 d5 2. g3 c6 3. Bg2 Bg4 4. h3 Bh5 5. O-O Nd7 6. d3 Ngf6 7. c4 dxc4 8.
dxc4 e5 9. Nc3 Be7 10. e4 O-O 11. Qe2 Qc7 12. g4 Bg6 13. Nh4 Rfe8 14. Nf5 Bf8
15. Be3 Nc5 16. Qc2 Ne6 17. Ne2 Rad8 18. Rfd1 b6 19. Rxd8 Rxd8 20. Rd1 Rxd1+
21. Qxd1 Qd7 22. Qc2 Qc7 23. Qd2 Qd7 24. Qc2 Qc7 25. Qd2 Qd7 1/2-1/2

[Event "Aachener SV 1 - SV Castrop-Rauxel 1"]
[Site "Oberliga NRW 2010/2011"]
[Date "2011.01.30"]
[Round "6.6"]
[White "Ahn, Martin"]
[Black "Kaeding, Rainer"]
[Result "1-0"]
[WhiteElo "2258"]
[BlackElo "2130"]
[PlyCount "83"]
[EventDate "2011.??.??"]

1. e4 c5 2. Nf3 e6 3. d4 cxd4 4. Nxd4 Nc6 5. Nc3 Qc7 6. Be2 a6 7. Be3 Nf6 8. a3
b5 9. Nxc6 dxc6 10. f4 Bb7 11. O-O Be7 12. e5 Nd5 13. Nxd5 cxd5 14. c3 O-O 15.
Bd3 f5 16. exf6 Bxf6 17. Bd4 Bxd4+ 18. cxd4 Rxf4 19. Qh5 g6 20. Bxg6 Raf8 21.
Rxf4 Rxf4 22. Bxh7+ Kf8 23. Qh6+ Ke7 24. Re1 Rf6 25. Qg7+ Rf7 26. Qg5+ Kd7 27.
Bg6 Qf4 28. Qxf4 Rxf4 29. Rd1 Kd6 30. g3 Rf6 31. Bd3 e5 32. dxe5+ Kxe5 33. Rf1
Rh6 34. Rf4 Bc8 35. h4 Be6 36. Kf2 Bd7 37. Ke3 Bh3 38. Be2 Bf5 39. h5 Be4 40.
Rf8 d4+ 41. Kd2 Rh7 42. Re8+ 1-0

[Event "Aachener SV 1 - SV Castrop-Rauxel 1"]
[Site "Oberliga NRW 2010/2011"]
[Date "2011.01.30"]
[Round "6.7"]
[White "Kartsev, Alexandr"]
[Black "Begnis, Nikolaos"]
[Result "0-1"]
[WhiteElo "2163"]
[BlackElo "2252"]
[Annotator "Hausrath,Daniel"]
[PlyCount "67"]
[EventDate "2011.??.??"]

1. e4 e5 2. Nc3 Nc6 3. f4 exf4 4. Nf3 h6 5. d4 g5 6. d5 g4 7. dxc6 gxf3 8. Qxf3
Qh4+ 9. g3 fxg3 10. hxg3 Qf6 11. Bf4 Bb4 12. O-O-O Bxc3 13. Qxc3 Qxc3 14. bxc3
dxc6 15. Bxc7 Be6 16. Kb2 Rc8 17. Be5 f6 18. Bf4 Rd8 19. Be2 Rxd1 20. Rxd1 h5
21. Rh1 Bf7 22. g4 h4 23. e5 Bd5 24. Rh2 Kf7 25. exf6 Nxf6 26. g5 Ne4 $11 27.
Be5 Rg8 28. Rxh4 Nxg5 29. Rf4+ Ke7 30. Bf6+ Kd6 31. Bd3 Ne6 32. Rh4 Nc5 33. Bh7
Rg1 34. c4 {Zü} 0-1

[Event "Aachener SV 1 - SV Castrop-Rauxel 1"]
[Site "Oberliga NRW 2010/2011"]
[Date "2011.01.30"]
[Round "6.8"]
[White "Frombach, Ralf"]
[Black "Mueller, Frank"]
[Result "1-0"]
[WhiteElo "2180"]
[BlackElo "2034"]
[PlyCount "41"]
[EventDate "2011.??.??"]

1. d4 Nf6 2. c4 g6 3. Nc3 d5 4. Nf3 Bg7 5. Bf4 O-O 6. Rc1 dxc4 7. e3 c5 8. Bxc4
cxd4 9. Nxd4 Nbd7 10. Bg3 Nc5 11. O-O Nce4 12. Nxe4 Nxe4 13. Bc7 Qe8 14. Qc2
Nd6 15. Bd5 Nb5 16. Rfd1 Nxd4 17. exd4 Bh6 18. f4 Bg4 19. Re1 Rc8 20. Bxb7 Bxf4
21. Bxc8 1-0

[Event "PSV Duisburg 1 - SV Mülheim-Nord 2"]
[Site "Oberliga NRW 2010/2011"]
[Date "2011.02.20"]
[Round "7.1"]
[White "Litwak, Aleksej"]
[Black "Fleck, Juergen"]
[Result "1/2-1/2"]
[WhiteElo "2247"]
[BlackElo "2358"]
[PlyCount "36"]
[EventDate "2011.??.??"]

1. e4 c5 2. Nf3 d6 3. d4 Nf6 4. Nc3 cxd4 5. Nxd4 g6 6. Be3 Bg7 7. f3 Nc6 8. Qd2
O-O 9. O-O-O d5 10. exd5 Nxd5 11. Nxc6 bxc6 12. Bd4 Nxc3 13. Qxc3 Bh6+ 14. Be3
Bxe3+ 15. Qxe3 Qb6 16. Qxb6 axb6 17. a3 Be6 18. Bd3 Rfd8 1/2-1/2

[Event "PSV Duisburg 1 - SV Mülheim-Nord 2"]
[Site "Oberliga NRW 2010/2011"]
[Date "2011.02.20"]
[Round "7.2"]
[White "Kistella, Roman"]
[Black "Kaufeld, Juergen"]
[Result "1-0"]
[WhiteElo "2286"]
[BlackElo "2230"]
[PlyCount "117"]
[EventDate "2011.??.??"]

1. d4 d5 2. c4 c6 3. Nf3 Nf6 4. e3 Bf5 5. Nc3 e6 6. Nh4 Be4 7. f3 Bg6 8. Qb3
Qc7 9. Bd2 Be7 10. O-O-O dxc4 11. Qxc4 a6 12. g4 Nbd7 13. g5 Nd5 14. Nxg6 hxg6
15. f4 O-O-O 16. Kb1 Kb8 17. Rc1 Rc8 18. Bg2 Qb6 19. h4 Bd6 20. Ne4 Be7 21. Qd3
Rh7 22. Rh3 Rch8 23. Rch1 Ka8 24. Bf3 Ka7 25. h5 gxh5 26. Rxh5 Rxh5 27. Rxh5
Rxh5 28. Bxh5 g6 29. Bd1 Qd8 30. Qe2 Qh8 31. Qg2 Qh4 32. a3 N7b6 33. Bb3 Nc8
34. Ka2 Bd8 35. Nf2 Bc7 36. Nd3 Nde7 37. Qf2 Qh3 38. Ne5 Qf5 39. Bc1 Bxe5 40.
Bc2 Qg4 41. dxe5 Kb8 42. e4 b6 43. Kb1 Kc7 44. b4 Na7 45. Be3 Nec8 46. Kb2 Qh3
47. a4 Kb7 48. Qd2 Kb8 49. Bd3 Qf3 50. Bc2 Ka8 51. Qd3 Qg3 52. Qe2 Kb7 53. Bd3
b5 54. a5 Kb8 55. Qd2 Qf3 56. Bc2 Qf1 57. Qd7 Qc4 58. Bc5 Qf1 59. Qxf7 1-0

[Event "PSV Duisburg 1 - SV Mülheim-Nord 2"]
[Site "Oberliga NRW 2010/2011"]
[Date "2011.02.20"]
[Round "7.3"]
[White "Hausrath, Daniel"]
[Black "Schmitz, Joachim"]
[Result "1/2-1/2"]
[WhiteElo "2484"]
[BlackElo "2278"]
[PlyCount "166"]
[EventDate "2011.??.??"]

1. Nf3 c5 2. c4 Nf6 3. g3 b6 4. Bg2 Bb7 5. O-O e6 6. Nc3 Be7 7. d4 cxd4 8. Qxd4
d6 9. Rd1 a6 10. b3 Nbd7 11. Bb2 O-O 12. Ne1 Bxg2 13. Nxg2 Qc7 14. Ne3 Qb7 15.
Ba3 Nc5 16. Bxc5 bxc5 17. Qf4 Rad8 18. Rd3 Nh5 19. Qe4 Qxe4 20. Nxe4 f5 21. Nc3
Bf6 22. Rad1 Bxc3 23. Rxc3 Kf7 24. Rcd3 Ke7 25. Nc2 Rd7 26. f3 Nf6 27. Na3 Rc8
28. Nb1 Rc6 29. Nc3 Rd8 30. Kf2 Rf8 31. Ke1 g5 32. Kd2 Rb8 33. Kc2 h6 34. Re3
Kf7 35. Red3 Ke7 36. Re1 Nd7 37. Rd2 Rf8 38. Red1 Nf6 39. Rd3 Nd7 40. Rg1 Ne5
41. Rd2 Rg8 42. h3 h5 43. Re1 Rb6 44. Na4 Rc6 45. Rh1 Rg7 46. h4 gxh4 47. Rxh4
Rxg3 48. Rxh5 Nf7 49. Nc3 Rg6 50. Rd1 Rh6 51. Rxh6 Nxh6 52. Rh1 Nf7 53. Kb2 Rb6
54. Ka3 Ne5 55. Rh7+ Kf6 56. f4 Nc6 57. e3 Nb4 58. Kb2 e5 59. Kb1 exf4 60. exf4
Kg6 61. Rd7 Kh5 62. Rg7 Kh4 63. Rg5 Rb8 64. Rxf5 Rg8 65. Rg5 Rxg5 66. fxg5 Kxg5
67. Ne4+ Kf5 68. Nxd6+ Ke5 69. Nb7 Kd4 70. a3 Nd3 71. Kc2 Ne1+ 72. Kd1 Nd3 73.
Kd2 Ne5 74. Nd8 Nf3+ 75. Kc2 Ne1+ 76. Kd1 Nf3 77. Ne6+ Kc3 78. Nxc5 a5 79. Kc1
Ne5 80. Kb1 a4 81. b4 Nxc4 82. Ka2 Nb6 83. Ne4+ Kc2 1/2-1/2

[Event "PSV Duisburg 1 - SV Mülheim-Nord 2"]
[Site "Oberliga NRW 2010/2011"]
[Date "2011.02.20"]
[Round "7.4"]
[White "Heisel, Guido"]
[Black "Zatonskih, Vitaly"]
[Result "1/2-1/2"]
[WhiteElo "2167"]
[BlackElo "2267"]
[Annotator "Hausrath,Daniel"]
[PlyCount "78"]
[EventDate "2011.??.??"]

1. d4 d5 2. Bf4 e6 3. e3 c5 4. c3 Nc6 5. Nf3 Bd6 6. Ne5 Nge7 7. Bd3 Ng6 8. Nxg6
hxg6 9. Bxd6 Qxd6 10. dxc5 Qxc5 11. Nd2 Ne5 12. Be2 Bd7 13. Nb3 Qc7 14. Qd4 Nc6
15. Qf4 Rc8 16. Qxc7 Rxc7 17. O-O Ne5 18. Nd4 Ke7 19. Rfe1 Nc4 20. Bxc4 Rxc4
21. e4 Bc6 22. e5 Bd7 23. Re3 Rhc8 24. Kf1 b5 25. a3 a5 26. Ke1 f6 27. Kd2 Rh8
28. h3 Rh4 29. Rae1 f5 30. Rg1 Rh8 31. Nf3 Rhc8 32. Rd3 b4 33. axb4 axb4 34.
Ra1 R8c7 35. Nd4 Rb7 36. Ra2 Kf7 37. Rg3 $11 bxc3+ 38. bxc3 Ba4 39. Re3 Rbc7
1/2-1/2

[Event "PSV Duisburg 1 - SV Mülheim-Nord 2"]
[Site "Oberliga NRW 2010/2011"]
[Date "2011.02.20"]
[Round "7.5"]
[White "Bus, Tomas"]
[Black "Wessels, Marco"]
[Result "1/2-1/2"]
[WhiteElo "2148"]
[BlackElo "2133"]
[Annotator "Hausrath,Daniel"]
[PlyCount "142"]
[EventDate "2011.??.??"]

1. c4 c6 2. g3 d5 3. Nf3 Nf6 4. Bg2 dxc4 5. O-O Bf5 6. Na3 Qd5 7. b3 cxb3 8.
axb3 e6 9. Nc4 Qd8 10. Bb2 Be7 11. d3 O-O 12. Qc2 Na6 13. Rxa6 bxa6 14. Nd4 Rc8
15. Nxc6 Qe8 16. Nxe7+ Qxe7 17. Ra1 Rfd8 18. Rxa6 Bg6 19. Qc3 Bh5 20. Kf1 Rd7
21. h3 Bg6 22. Bf3 h6 23. Kg2 Qd8 24. Qe5 Rb8 25. Na5 Rb6 26. Nc6 Qc7 27. Rxa7
Qxe5 28. Ra8+ Kh7 29. Nxe5 Rc7 $11 30. Nc4 Rxb3 31. Bxf6 gxf6 32. Nd6 f5 33.
Ne8 Re7 34. h4 h5 35. Nf6+ Kg7 36. Nxh5+ Bxh5 37. Bxh5 Rb1 38. f4 Rc7 39. Bf3
Rbc1 40. Kf2 Rb1 41. Ra5 Rd7 42. Ra2 Rc1 43. Rb2 Rcc7 44. Ke3 Rc1 45. Rb5 Rg1
46. Kf2 Rc1 47. g4 fxg4 48. Bxg4 Rh1 49. h5 Rc1 50. Rg5+ Kh6 51. Bf3 Rc8 52.
Re5 Kg7 53. f5 Kf6 54. fxe6 fxe6 55. Rb5 Rd6 56. Ke3 Rh8 57. Rb4 Ra6 58. Rf4+
Kg7 59. Rg4+ Kf7 60. Rh4 Ra5 61. d4 Kf6 62. Rh1 Rh6 63. Rh4 Rg5 64. Kf2 Ra5 65.
e4 Ra3 66. Kg3 Rd3 67. d5 Ke5 68. Kf2 exd5 69. exd5 Rf6 70. Rh3 Rxd5 71. h6 Rd8
1/2-1/2

[Event "PSV Duisburg 1 - SV Mülheim-Nord 2"]
[Site "Oberliga NRW 2010/2011"]
[Date "2011.02.20"]
[Round "7.6"]
[White "Montignies, Rainer"]
[Black "Wittenberg, Andreas"]
[Result "1-0"]
[WhiteElo "2224"]
[BlackElo "2183"]
[PlyCount "37"]
[EventDate "2011.??.??"]

1. Nf3 c5 2. e4 g6 3. d4 cxd4 4. Nxd4 Bg7 5. c4 Nc6 6. Be3 d6 7. Nc3 Nf6 8. Be2
O-O 9. Qd2 a6 10. O-O Nxd4 11. Bxd4 Be6 12. Rad1 Rc8 13. b3 Re8 14. f4 Qa5 15.
Kh1 Nd7 16. Bxg7 Kxg7 17. f5 gxf5 18. exf5 Bxf5 19. Qg5+ 1-0

[Event "PSV Duisburg 1 - SV Mülheim-Nord 2"]
[Site "Oberliga NRW 2010/2011"]
[Date "2011.02.20"]
[Round "7.7"]
[White "Winkels, Marcel"]
[Black "Kleff, Andre"]
[Result "0-1"]
[WhiteElo "2029"]
[BlackElo "2092"]
[PlyCount "72"]
[EventDate "2011.??.??"]

1. e4 g6 2. d4 Bg7 3. Nc3 c6 4. f4 d5 5. e5 Nh6 6. Be3 f6 7. Be2 a6 8. Nf3 Bg4
9. O-O Nf5 10. Bf2 O-O 11. h3 Bxf3 12. Bxf3 fxe5 13. fxe5 e6 14. g4 Nh4 15. Bh1
Nd7 16. Nb1 Bh6 17. Nd2 Rxf2 18. Rxf2 Be3 19. Nf1 Bxf2+ 20. Kxf2 Qe7 21. Kg3 g5
22. Qd2 Rf8 23. Nh2 c5 24. c3 cxd4 25. cxd4 Nb8 26. Rf1 h6 27. Rxf8+ Qxf8 28.
Bf3 Nc6 29. a3 Qd8 30. Kf2 Qb6 31. Ke3 Nxe5 32. Be2 Nc6 33. Nf3 Qc7 34. Kf2
Nxf3 35. Bxf3 Qg7 36. Ke3 Qf6 0-1

[Event "PSV Duisburg 1 - SV Mülheim-Nord 2"]
[Site "Oberliga NRW 2010/2011"]
[Date "2011.02.20"]
[Round "7.8"]
[White "Kretschmann, Thomas"]
[Black "Krueger, Andre"]
[Result "1/2-1/2"]
[WhiteElo "2046"]
[BlackElo "2115"]
[Annotator "Hausrath,Daniel"]
[PlyCount "84"]
[EventDate "2011.??.??"]

1. e4 e6 2. d4 d5 3. Nd2 h6 4. Ngf3 Nf6 5. Bd3 c5 6. exd5 exd5 7. O-O Be7 8.
dxc5 Bxc5 9. Nb3 Be7 10. Nfd4 O-O 11. Nf5 Bxf5 12. Bxf5 Nc6 13. Be3 a5 14. a4
Ne4 15. Nd4 Ne5 16. Qe2 Nd6 17. Bxh6 Bf6 18. Be3 Nec4 19. Qh5 Nxf5 20. Qxf5
Nxb2 21. Rfb1 Nc4 22. Rb3 Nxe3 23. fxe3 Re8 24. Rxb7 Rxe3 25. Rd1 Qe8 26. Nf3
d4 27. Rf1 Re2 28. Rc7 Qe6 29. Qc5 Qg4 30. Rf2 $11 Rae8 31. Qb5 R2e3 32. Qd7
Qg6 33. Rc8 Rxc8 34. Qxc8+ Kh7 35. Qc5 Qe4 36. Qxa5 Ra3 37. h4 Ra1+ 38. Kh2 Qe3
39. Qf5+ Kg8 40. Qc8+ Kh7 41. Qf5+ Kg8 42. Qc8+ Kh7 1/2-1/2

[Event "SV Castrop-Rauxel 1 - SF Katernberg 2"]
[Site "Oberliga NRW 2010/2011"]
[Date "2011.02.20"]
[Round "7.1"]
[White "Scholz, Christian"]
[Black "van Oosterom, Chiel"]
[Result "1-0"]
[WhiteElo "2359"]
[BlackElo "2424"]
[PlyCount "61"]
[EventDate "2011.??.??"]

1. e4 c5 2. Nf3 Nc6 3. d4 cxd4 4. Nxd4 e6 5. Nc3 Qc7 6. Be2 a6 7. O-O Nf6 8. a4
Nxd4 9. Qxd4 Bc5 10. Qd3 b6 11. Bf3 Qe5 12. g3 g5 13. b4 Be7 14. Bg2 Bb7 15. f4
Qc7 16. fxg5 Ng4 17. Bf4 Ne5 18. Qd4 d6 19. Nd1 O-O 20. Ra3 Nc4 21. Rc3 b5 22.
Qd3 Rfd8 23. Ne3 Qb6 24. Kh1 Ne5 25. Qe2 bxa4 26. Bxe5 dxe5 27. Qh5 Qxb4 28.
Qxf7+ Kh8 29. Rc7 Re8 30. g6 hxg6 31. Qxg6 1-0

[Event "SV Castrop-Rauxel 1 - SF Katernberg 2"]
[Site "Oberliga NRW 2010/2011"]
[Date "2011.02.20"]
[Round "7.2"]
[White "Michielsen, Joost"]
[Black "Kotainy, Jens"]
[Result "0-1"]
[WhiteElo "2354"]
[BlackElo "2350"]
[PlyCount "38"]
[EventDate "2011.??.??"]

1. e4 e6 2. d4 d5 3. Nc3 Nf6 4. e5 Nfd7 5. f4 c5 6. Nf3 Nc6 7. Be3 Be7 8. Qd2
O-O 9. O-O-O c4 10. f5 b5 11. fxe6 fxe6 12. Nxb5 Rb8 13. Nd6 Bxd6 14. exd6 Nf6
15. Ne5 Qb6 16. b3 Ne4 17. Qe1 Nb4 18. Nxc4 Qa6 19. a4 Qxa4 0-1

[Event "SV Castrop-Rauxel 1 - SF Katernberg 2"]
[Site "Oberliga NRW 2010/2011"]
[Date "2011.02.20"]
[Round "7.3"]
[White "Rosen, Bernd"]
[Black "Deegens, Vincent"]
[Result "1-0"]
[WhiteElo "2304"]
[BlackElo "2213"]
[PlyCount "73"]
[EventDate "2011.??.??"]

1. Nf3 Nf6 2. g3 d5 3. Bg2 g6 4. O-O Bg7 5. c4 O-O 6. cxd5 Nxd5 7. Nc3 Nb6 8.
d3 Nc6 9. Bd2 a5 10. Qc1 Re8 11. Bh6 Bh8 12. Rb1 a4 13. Ne4 Nb4 14. a3 N4d5 15.
Nc5 c6 16. e4 Nc7 17. Be3 Nb5 18. Rd1 e5 19. Rd2 Bg7 20. Qc2 Qe7 21. d4 Nd6 22.
Nxe5 f6 23. Ned3 Nbc4 24. Re2 b6 25. Nxa4 Ba6 26. Nb4 Nxa3 27. bxa3 Bxe2 28.
Nxb6 Rab8 29. Nxc6 Qc7 30. Qc5 Rb7 31. a4 Bf8 32. a5 Kg7 33. Qc2 Ba6 34. e5
fxe5 35. dxe5 Nf5 36. Bf4 Ne7 37. e6 1-0

[Event "SV Castrop-Rauxel 1 - SF Katernberg 2"]
[Site "Oberliga NRW 2010/2011"]
[Date "2011.02.20"]
[Round "7.4"]
[White "Kartsev, Soel"]
[Black "Hoolt, Sarah"]
[Result "0-1"]
[WhiteElo "2131"]
[BlackElo "2217"]
[PlyCount "146"]
[EventDate "2011.??.??"]

1. e4 c5 2. c3 Nf6 3. e5 Nd5 4. d4 cxd4 5. cxd4 e6 6. Nf3 d6 7. Bc4 Nb6 8. Bd3
dxe5 9. dxe5 N8d7 10. O-O Nc5 11. Bb5+ Bd7 12. Bg5 Be7 13. Bxe7 Qxe7 14. Nc3
Rd8 15. Qe2 O-O 16. Rac1 a6 17. Bxd7 Rxd7 18. Rfd1 Rfd8 19. Rxd7 Rxd7 20. g3
Qd8 21. b3 h6 22. Ne4 Nxe4 23. Qxe4 Rd1+ 24. Rxd1 Qxd1+ 25. Kg2 Nd5 26. Qc4 Kh7
27. Qe4+ g6 28. h4 Kg7 29. Qd4 Qc2 30. Qd2 Qb1 31. Nh2 Qe4+ 32. Nf3 b5 33. Qd4
Qb1 34. Qd2 Qe4 35. Qd4 Qc2 36. Qd2 Qc7 37. Qd3 Qa5 38. Qd2 b4 39. a4 Qc7 40.
Kf1 a5 41. Ke1 Qc5 42. Kf1 Ne7 43. Qf4 Nd5 44. Qd2 Qc6 45. Nd4 Qb7 46. Qd3 Qc7
47. Qe4 Qc1+ 48. Kg2 Qd1 49. Kh2 Qf1 50. Qe2 Qc1 51. Kg2 Qc5 52. Qe4 Ne7 53. g4
Qc1 54. Qb7 Qc5 55. Qe4 Nd5 56. h5 gxh5 57. gxh5 Qc1 58. Nf5+ Kh8 59. Ne3 Qc6
60. Nxd5 exd5 61. Qd4 Kg8 62. f4 Qc2+ 63. Kf3 Qxb3+ 64. Kg4 Qc4 65. Qb6 d4 66.
Qxa5 d3 67. Qd8+ Kh7 68. Kf3 b3 69. e6 Qc6+ 70. Ke3 Qxe6+ 71. Kxd3 Qf5+ 72. Kc3
Qc2+ 73. Kb4 b2 0-1

[Event "SV Castrop-Rauxel 1 - SF Katernberg 2"]
[Site "Oberliga NRW 2010/2011"]
[Date "2011.02.20"]
[Round "7.5"]
[White "Villwock, Martin"]
[Black "Kartsev, Alexandr"]
[Result "0-1"]
[WhiteElo "2092"]
[BlackElo "2163"]
[PlyCount "98"]
[EventDate "2011.??.??"]

1. e4 c6 2. d4 d5 3. e5 Bf5 4. h4 h6 5. g4 Be4 6. f3 Bg6 7. h5 Bh7 8. e6 fxe6
9. Bd3 Qd6 10. Bxh7 Rxh7 11. Qd3 Rh8 12. Ne2 e5 13. dxe5 Qxe5 14. Nbc3 Nd7 15.
Qg6+ Kd8 16. Bf4 Qf6 17. Qd3 e5 18. Bg3 Qf7 19. O-O-O Be7 20. Kb1 Bf6 21. f4 e4
22. Qe3 Ne7 23. g5 Nf5 24. Qf2 Bxc3 25. Nxc3 Kc7 26. Qh2 Rae8 27. Ne2 Rhf8 28.
Be1 b6 29. Rg1 Kb7 30. gxh6 gxh6 31. Rg6 Rg8 32. Bc3 Rxg6 33. hxg6 Qxg6 34. Rg1
Qf7 35. Qh3 c5 36. Ng3 Nxg3 37. Rxg3 d4 38. Be1 h5 39. Rg5 Nf6 40. Qf5 Re7 41.
Bh4 Ng4 42. Kc1 Qxa2 43. Rxg4 e3 44. Kd1 e2+ 45. Kd2 Qa5+ 46. c3 dxc3+ 47. Kc2
Qa4+ 48. Kxc3 Re3+ 49. Kd2 Qd4+ 0-1

[Event "SV Castrop-Rauxel 1 - SF Katernberg 2"]
[Site "Oberliga NRW 2010/2011"]
[Date "2011.02.20"]
[Round "7.6"]
[White "Hille, Ralph Ingo"]
[Black "Gassmann, Volker"]
[Result "1-0"]
[WhiteElo "2096"]
[BlackElo "2165"]
[PlyCount "83"]
[EventDate "2011.??.??"]

1. b3 e5 2. Bb2 Nc6 3. e3 Nf6 4. Bb5 d6 5. d4 exd4 6. Qxd4 Bd7 7. Bxc6 Bxc6 8.
Nf3 Bxf3 9. gxf3 Qd7 10. c4 Qf5 11. Nd2 Be7 12. O-O-O c5 13. e4 Qf4 14. Qe3 Nh5
15. Rhg1 f6 16. Rg4 Qxe3 17. fxe3 O-O 18. f4 Kf7 19. Nb1 Rfe8 20. Nc3 Bf8 21.
Kc2 Rac8 22. Kd3 g6 23. Nd5 Rxe4 24. Kxe4 f5+ 25. Kf3 fxg4+ 26. Kxg4 Bg7 27.
Bc1 Rc6 28. e4 Ra6 29. a4 Bd4 30. Nc7 Rb6 31. Nb5 Ng7 32. a5 Ra6 33. Nxd4 cxd4
34. b4 b6 35. Rxd4 bxa5 36. b5 Rb6 37. Bd2 Ne6 38. Rd5 a4 39. Be3 Nc5 40. Bxc5
dxc5 41. Rd7+ Ke6 42. Rxa7 1-0

[Event "SV Castrop-Rauxel 1 - SF Katernberg 2"]
[Site "Oberliga NRW 2010/2011"]
[Date "2011.02.20"]
[Round "7.7"]
[White "Wessendorf, Thomas"]
[Black "Boehnke, Martin"]
[Result "1/2-1/2"]
[WhiteElo "2223"]
[BlackElo "2095"]
[PlyCount "57"]
[EventDate "2011.??.??"]

1. e4 d5 2. exd5 Qxd5 3. Nc3 Qa5 4. d4 c6 5. Nf3 Nf6 6. Bc4 Bf5 7. Bd2 e6 8.
Nd5 Qd8 9. Nxf6+ gxf6 10. Bf4 Bd6 11. Bg3 Qe7 12. Qe2 Nd7 13. O-O-O O-O-O 14.
Bb3 Rhe8 15. Nh4 Bg6 16. Bxd6 Qxd6 17. g3 Kb8 18. Qf3 c5 19. Nxg6 fxg6 20. dxc5
Qxc5 21. Ba4 b5 22. Bb3 Qb6 23. Rhe1 e5 24. Bf7 Rf8 25. Bd5 Nc5 26. Qe3 Rd6 27.
Bf3 Rfd8 28. Rxd6 Rxd6 29. Rd1 1/2-1/2

[Event "SV Castrop-Rauxel 1 - SF Katernberg 2"]
[Site "Oberliga NRW 2010/2011"]
[Date "2011.02.20"]
[Round "7.8"]
[White "Kock, Wolfgang"]
[Black "Bachmann, Karlheinz"]
[Result "1/2-1/2"]
[WhiteElo "2005"]
[BlackElo "2213"]
[PlyCount "69"]
[EventDate "2011.??.??"]

1. c4 g6 2. g3 Bg7 3. Bg2 c5 4. e3 Nc6 5. Ne2 Nf6 6. Nbc3 O-O 7. O-O d6 8. h3
a6 9. d4 Bd7 10. b3 Rb8 11. dxc5 dxc5 12. Bb2 Qc8 13. Kh2 Rd8 14. Qb1 e6 15.
Rd1 Qc7 16. e4 Be8 17. f4 Rxd1 18. Nxd1 e5 19. Ne3 Nh5 20. Nd5 Qd6 21. Qd1 Nd4
22. f5 b5 23. Bc1 Bc6 24. Nec3 Nf6 25. fxg6 hxg6 26. Bg5 b4 27. Ne2 Nxd5 28.
exd5 Bd7 29. Nxd4 exd4 30. Qf3 Re8 31. Rf1 f5 32. Bf4 Be5 33. Re1 Bxf4 34.
Rxe8+ Bxe8 35. Qxf4 1/2-1/2

[Event "SV Wattenscheid 2 - SK Münster 1"]
[Site "Oberliga NRW 2010/2011"]
[Date "2011.02.20"]
[Round "7.1"]
[White "Cuijpers, Frans"]
[Black "Mladenov, Svetlin"]
[Result "1/2-1/2"]
[WhiteElo "2422"]
[BlackElo "2383"]
[PlyCount "52"]
[EventDate "2011.??.??"]

1. e4 c5 2. Nf3 d6 3. d4 cxd4 4. Nxd4 Nf6 5. Nc3 a6 6. Bg5 Nbd7 7. f4 Qc7 8.
Qf3 h6 9. Bxf6 Nxf6 10. f5 Rg8 11. O-O-O g5 12. g4 Bd7 13. Bg2 Bg7 14. Rhe1 Rc8
15. Re2 Qc5 16. e5 dxe5 17. Nb3 Qc6 18. Qg3 Qc7 19. Rxe5 Nh5 20. Rxe7+ Kxe7 21.
Nd5+ Kd8 22. Qxc7+ Rxc7 23. gxh5 Bxf5 24. Nxc7+ Kxc7 25. Rf1 Be6 26. Nc5 Bc4
1/2-1/2

[Event "SV Wattenscheid 2 - SK Münster 1"]
[Site "Oberliga NRW 2010/2011"]
[Date "2011.02.20"]
[Round "7.2"]
[White "Souleidis, Georgios"]
[Black "Kuijf, Marinus"]
[Result "1/2-1/2"]
[WhiteElo "2318"]
[BlackElo "2360"]
[PlyCount "36"]
[EventDate "2011.??.??"]

1. e4 e6 2. d4 d5 3. Nc3 Nf6 4. Bg5 Be7 5. e5 Nfd7 6. h4 h6 7. Bxe7 Qxe7 8. Qd2
a6 9. f4 b6 10. Nf3 c5 11. Nd1 cxd4 12. Nxd4 f6 13. exf6 Nxf6 14. Nc3 b5 15.
Bd3 O-O 16. O-O-O b4 17. Na4 Qd6 18. f5 e5 1/2-1/2

[Event "SV Wattenscheid 2 - SK Münster 1"]
[Site "Oberliga NRW 2010/2011"]
[Date "2011.02.20"]
[Round "7.3"]
[White "Libeau, Rene Andre"]
[Black "Tereick, Benjamin"]
[Result "1/2-1/2"]
[WhiteElo "2340"]
[BlackElo "2372"]
[PlyCount "41"]
[EventDate "2011.??.??"]

1. g3 g6 2. Bg2 c5 3. c4 Bg7 4. Nc3 Nc6 5. e3 e6 6. Nge2 Nge7 7. O-O O-O 8. d4
cxd4 9. exd4 d5 10. cxd5 Nxd5 11. Nxd5 exd5 12. Qb3 Bg4 13. Nc3 Nxd4 14. Qxd5
Qxd5 15. Bxd5 Bf3 16. Bxf3 Nxf3+ 17. Kg2 Ne5 18. Rd1 Rad8 19. Bg5 Rxd1 20. Rxd1
h6 21. Bc1 1/2-1/2

[Event "SV Wattenscheid 2 - SK Münster 1"]
[Site "Oberliga NRW 2010/2011"]
[Date "2011.02.20"]
[Round "7.4"]
[White "Straeter, Timo"]
[Black "Molinaroli, Martin"]
[Result "0-1"]
[WhiteElo "2289"]
[BlackElo "2214"]
[PlyCount "108"]
[EventDate "2011.??.??"]

1. Nf3 g6 2. d4 Bg7 3. c4 f5 4. h4 Nf6 5. Nc3 d6 6. Bf4 Nbd7 7. Qc2 O-O 8.
O-O-O c6 9. Ng5 Nb6 10. e3 h6 11. Nf3 Be6 12. Nd2 d5 13. c5 Nbd7 14. Nb3 Bf7
15. Be2 Ng4 16. Bxg4 fxg4 17. f3 e5 18. dxe5 Qe7 19. Rde1 Nxe5 20. fxg4 Rfe8
21. Nd4 Nc4 22. h5 g5 23. Bd6 Nxd6 24. cxd6 Qxd6 25. Nf5 Qe5 26. Rhf1 Be6 27.
Re2 Bxf5 28. gxf5 Bf6 29. Kb1 Rad8 30. Qb3 Kh8 31. Qa4 a6 32. Qc2 Re7 33. g4
Qg3 34. Rg2 Qxe3 35. Re2 Qc5 36. Rxe7 Qxe7 37. Na4 Qb4 38. Nc5 Re8 39. Ne6 Qxg4
40. Qb3 Qe2 41. Rf3 Qe4+ 42. Qd3 Qe5 43. Qd2 Re7 44. a3 Rf7 45. Ka1 Bg7 46. Qc2
Qe4 47. Qf2 Rf6 48. Nxg7 Kxg7 49. Qg3 Rf7 50. f6+ Kh7 51. Rf1 d4 52. Qf2 d3 53.
Re1 Qf4 54. Rf1 Rxf6 0-1

[Event "SV Wattenscheid 2 - SK Münster 1"]
[Site "Oberliga NRW 2010/2011"]
[Date "2011.02.20"]
[Round "7.5"]
[White "Rott, Georg"]
[Black "Franke, Johannes"]
[Result "1/2-1/2"]
[WhiteElo "2137"]
[BlackElo "2292"]
[PlyCount "46"]
[EventDate "2011.??.??"]

1. e4 c6 2. d4 d5 3. exd5 cxd5 4. c4 Nf6 5. Nc3 g6 6. Qb3 Bg7 7. cxd5 O-O 8.
Be2 Nbd7 9. Bf3 Nb6 10. Nge2 Bf5 11. O-O Bd3 12. d6 exd6 13. Bxb7 Rb8 14. Bf3
Re8 15. Qd1 Ba6 16. Re1 Qd7 17. b3 Re7 18. Nf4 Rxe1+ 19. Qxe1 Re8 20. Be3 g5
21. Nfd5 Nfxd5 22. Nxd5 g4 23. Nxb6 axb6 1/2-1/2

[Event "SV Wattenscheid 2 - SK Münster 1"]
[Site "Oberliga NRW 2010/2011"]
[Date "2011.02.20"]
[Round "7.6"]
[White "Hirsch, Stefan"]
[Black "Wolter, Kai"]
[Result "1-0"]
[WhiteElo "2187"]
[BlackElo "2170"]
[Annotator "Hausrath,Daniel"]
[PlyCount "97"]
[EventDate "2011.??.??"]

1. Nf3 Nf6 2. g3 g6 3. Bg2 Bg7 4. O-O O-O 5. c4 d6 6. d4 Nc6 7. Nc3 a6 8. d5
Na5 9. Qd3 c5 10. h3 Rb8 11. Nd2 b5 12. e4 Nd7 13. f4 Qb6 14. Rb1 Nxc4 15. Nxc4
bxc4 16. Qxc4 a5 17. Na4 Qc7 18. Bd2 Ra8 19. Qc2 Ba6 20. Rfe1 Rab8 21. Bc3 f6
22. h4 Bc8 23. Bh3 Nb6 24. Bxc8 Qxc8 25. Nxb6 Rxb6 26. Kg2 Ra6 27. Qe2 Ra7 28.
Rbd1 a4 29. a3 Rb7 30. h5 Qd7 31. Rh1 Rfb8 32. Rd2 Rb3 33. Rc1 R8b7 $11 34.
Rcc2 e5 35. Qf3 exf4 36. gxf4 f5 37. e5 dxe5 38. hxg6 hxg6 39. Qg3 e4 40. Qxg6
Qf7 41. Qg5 Rd7 42. Kf1 e3 43. Rd3 Rb6 44. Rg2 e2+ 45. Ke1 Rbb7 46. Qh4 Qe8 47.
Rh3 Kf8 48. Bxg7+ Rxg7 49. Qh8+ 1-0